Фильмы с Райаном Гослингом - Армагеддон - Statistics

General Stats
  • This quiz has been taken 32 times
  • The average score is 8 of 25
Answers on the Grid
Answers color-coded by a green-red scale on the quiz's grid according to % correct below.
Господин Никто
Разлом
Револьвер
Место среди сосен
Только Бог прощает
Ларс и настоящая девушка
Чёрный георгин
Достать коротышку
Игра на понижение
Полу-Нельсон
Убийства по номерам
Форма воды
Выход через сувенирную лавку
Дилер 3
Мартовские иды
Убийцы цветочной Луны
Драйв
Барби
Серый человек
Трещины
Дикие истории
Ла-ла-ленд
Грустная валентинка
Далласский клуб покупателей
Затерянная река
Мост в Терабитию
Удушье
Что скрывает ложь
Каскадёр
Фанатик
Послезавтра
Топ Ган: Маверик
За песней песня
Первый человек
Милые кости
Треугольник печали
Под кожей
Дневник памяти
Бегущий по лезвию 2049
Останься
Король Артур: Легенда о мече
Соединённые штаты Лиланда
Всё хорошее
Тренер Картер
Хороший год
Красота по-американски
Славные парни
Неоновый демон
Престиж
Закон бойни
 
Answer Stats
Answer % Correct
Ла-ла-ленд
82%
Барби
75%
Драйв
68%
Бегущий по лезвию 2049
64%
Игра на понижение
46%
Славные парни
46%
Место среди сосен
43%
Дневник памяти
43%
Ларс и настоящая девушка
32%
Мартовские иды
32%
Каскадёр
32%
Только Бог прощает
29%
Разлом
25%
Полу-Нельсон
25%
Серый человек
25%
Фанатик
25%
Грустная валентинка
21%
Соединённые штаты Лиланда
18%
За песней песня
14%
Первый человек
14%
Всё хорошее
11%
Закон бойни
11%
Останься
7%
Затерянная река
4%
Убийства по номерам
0%
No matching quizzes found
Score Distribution
Percent of People with Each Score
Percentile by Number Answered
Your Score History
You have not taken this quiz